Elements of petroleum geology
Αποθηκεύτηκε σε:
| Κύριος συγγραφέας: | |
|---|---|
| Μορφή: | Βιβλίο |
| Γλώσσα: | English |
| Δημοσίευση: |
San Diego :
Academic Press,
c1998
|
| Έκδοση: | 2nd ed. |
| Θέματα: | |
| Ετικέτες: |
Προσθήκη ετικέτας
Δεν υπάρχουν, Καταχωρήστε ετικέτα πρώτοι!
|
MARC
| LEADER | 00000nam a2200000 i 4500 | ||
|---|---|---|---|
| 001 | 1/89936 | ||
| 008 | 051124s1998 eng d | ||
| 020 | |a 0-12-636370-6 | ||
| 035 | |l 10081449 | ||
| 040 | |a GR-MY-UA |b gre |e aacr | ||
| 041 | 0 | |a eng | |
| 082 | 0 | |a 553.282 |2 (22) | |
| 100 | 1 | |a Selley, Richard C. |d 1939- | |
| 245 | 1 | 0 | |a Elements of petroleum geology / |c Richard C. Selley |
| 250 | |a 2nd ed. | ||
| 260 | |a San Diego : |b Academic Press, |c c1998 | ||
| 300 | |a xvi, 470 σ.; |b εικ., έγχρ. εικ., χάρτ.; |c 27 εκ. | ||
| 504 | |a Περιέχει βιβλιογραφία και ευρετήριο | ||
| 650 | 0 | 0 | |a Petroleum |x Geology. |
| 650 | 0 | 0 | |a Natural gas |x Geology. |
| 852 | |a INST |b LESVOS |e 20051124 |h 553.282 SEL |p 005100033129 |q 005100033129 |t BK |y 0 | ||
| 852 | |a INST |b LESVOS |e 20051124 |h 553.282 SEL |p 005100033130 |q 005100033130 |t BK |y 0 | ||
| 852 | |a INST |b LESVOS |e 20051124 |h 553.282 SEL |p 005100033131 |q 005100033131 |t BK |y 0 | ||
| 852 | |a INST |b LESVOS |e 20051124 |h 553.282 SEL |p 005100033132 |q 005100033132 |t BK |y 0 | ||
| 852 | |a INST |b LESVOS |e 20051124 |h 553.282 SEL |p 005100033133 |q 005100033133 |t BK |y 0 | ||
| 852 | |a INST |b LESVOS |e 20051124 |h 553.282 SEL |p 005100033134 |q 005100033134 |t BK |y 0 | ||
| 901 | |a BIBL1-2005-3 | ||
| 909 | |a Λ |b 118122 | ||
| 909 | |a Λ |b 118121 | ||
| 909 | |a Λ |b 118120 | ||
| 909 | |a Λ |b 118119 | ||
| 909 | |a Λ |b 118118 | ||
| 909 | |a Λ |b 118117 | ||
| 920 | |a ΔΙΕΥΡΥΝΣΗ |b ΕΠΕΑΕΚ-ΤΕΘ |y ΛΕΣΒΟΣ |z 2005-10 | ||
| 970 | |a ΚΑΡΑ |b ΓΙΑΣΕΜΗ |z 2005/11/24 | ||